Viaje a los mundos imaginarios /
Guardado en:
| Autor Principal: | |
|---|---|
| Formato: | Libro |
| Publicado: |
Buenos Aires :
Legasa,
1983
|
| Materias: | |
| Etiquetas: |
Agregar Etiqueta
Sin Etiquetas, Sea el primero en etiquetar este registro!
|
| LEADER | 00946nam a22002055a 4500 | ||
|---|---|---|---|
| 001 | CEM.cems012908 | ||
| 005 | 20080611121246.0 | ||
| 008 | 130507s1983##################000#0#####d | ||
| 003 | CEMS | ||
| 020 | |a 9506000107 | ||
| 082 | 0 | 4 | |a 808.8 |
| 100 | 1 | |a Sabato, Ernesto | |
| 245 | 1 | 0 | |a Viaje a los mundos imaginarios / |c Dirigido Por Ernesto Sabato |
| 260 | |a Buenos Aires : |b Legasa, |c 1983 | ||
| 300 | |a 225 p. | ||
| 505 | 0 | |a La máscara de la muerte roja / Edgar Allan Poe -- La muerte del Delfín / Alphonse Daudet -- El duende de la botella / Robert Louis Stevenson -- Más allá / Horacio Quiroga -- Un drama / Anton Chéjov -- El ruiseñor y la rosa / Oscar Wilde -- La liga de los pelirrojos / Arthur Conan Doyle -- Prometeo / Franz Kafka -- Encender un fuego / Jack London -- Gaspar Ruiz / Joseph Conrad | |
| 653 | |a Literatura | ||
| 653 | |a Literatura juvenil | ||
| 653 | |a Antología | ||
| 859 | |a CEMS |b BIB. CEMS - 11 de abril |h 808.8 |i Sa13 |p 25195.08 |t Ej.1 | ||
